The Entire 'Gorillaz' Discography (2026) - Statistics

General Stats
  • This quiz has been taken 2,280 times
    30 since last reset
  • The average score is 72 of 178
Answer Stats
PROJECT ANSWER % Correct
Gorillaz 19-2000
83%
Gorillaz Clint Eastwood
83%
Demon Days Dare
83%
Demon Days Dirty Harry
83%
Demon Days El Mañana
83%
Plastic Beach Empire Ants
83%
Demon Days Feel Good Inc.
83%
Demon Days O Green World
83%
Plastic Beach Plastic Beach
83%
Plastic Beach Rhinestone Eyes
83%
Gorillaz 5/4
67%
Demon Days All Alone
67%
Demon Days Demon Days
67%
Demon Days Every Planet We Reach Is Dead
67%
Demon Days Intro
67%
Humanz Intro: I Switched My Robot Off
67%
Demon Days Kids with Guns
67%
Demon Days Last Living Souls
67%
Demon Days November Has Come
67%
Plastic Beach On Melancholy Hill
67%
Plastic Beach Orchestral Intro
67%
Plastic Beach Pirate Jet
67%
Gorillaz Re-Hash
67%
Humanz She's My Collar
67%
Plastic Beach Stylo
67%
Plastic Beach Superfast Jellyfish
67%
The Mountain The Happy Dictator
67%
Gorillaz Tomorrow Comes Today
67%
The Now Now Tranz
67%
Plastic Beach Welcome to the World of the Plastic Beach
67%
Plastic Beach White Flag
67%
Plastic Beach Broken
50%
Plastic Beach Cloud of Unknowing
50%
Cracker Island (Deluxe) Controllah
50%
Cracker Island Cracker Island
50%
The Mountain Damascus
50%
The Mountain Delirium
50%
Demon Days Don't Get Lost in Heaven
50%
D-Sides Don't Get Lost in Heaven - Original Demo
50%
Gorillaz Double Bass
50%
G-Sides Dracula
50%
Demon Days Fire Coming out of the Monkey's Head
50%
The Now Now Fire Flies
50%
G-Sides Ghost Train
50%
Plastic Beach Glitter Freeze
50%
The Now Now Hollywood
50%
D-Sides Hong Kong
50%
The Now Now Humility
50%
The Now Now Idaho
50%
The Now Now Lake Zurich
50%
Gorillaz Latin Simone
50%
Gorillaz M1 A1
50%
Cracker Island New Gold
50%
The Now Now One Percent
50%
The Mountain Orange County
50%
D-Sides People
50%
Gorillaz Punk
50%
G-Sides | Gorillaz Rock the House
50%
Gorillaz Slow Country
50%
Plastic Beach Some Kind of Nature
50%
The Now Now Sorcererz
50%
The Mountain The Empty Dream Machine
50%
The Mountain The Hardest Thing
50%
The Mountain The Manifesto
50%
The Mountain The Moon Cave
50%
The Mountain The Sad God
50%
The Mountain The Sweet Prince
50%
Plastic Beach To Binge
50%
Cracker Island Tormenta
50%
Demon Days White Light
50%
G-Sides 12D3
33%
D-Sides 68 State
33%
The Fall Amarillo
33%
Humanz Andromeda
33%
Song Machine, Season One: Strange Timez Aries
33%
Humanz Ascension
33%
Cracker Island Baby Queen
33%
D-Sides Bill Murray
33%
Humanz Busted and Blue
33%
Cracker Island (Deluxe) Captain Chicken
33%
Humanz Carnival
33%
The Mountain Casablanca
33%
Song Machine, Season One: Strange Timez Chalk Tablet Towers
33%
Humanz Charger
33%
Humanz (Deluxe) Circle of Friendz
33%
Cracker Island (Deluxe) Crocadillaz
33%
Song Machine, Season One: Strange Timez Dead Butterflies
33%
Meanwhile EP Deja Vu - Live from NW10
33%
Song Machine, Season One: Strange Timez Desole
33%
The Fall Detroit
33%
The Singles Collection 2001-2011 Doncamatic
33%
SINGLE DoYaThing
33%
G-Sides Faust
33%
Song Machine, Season One: Strange Timez Friday 13th
33%
SINGLE Garage Palace
33%
Humanz Hallelujah Money
33%
The Fall HillBilly Man
33%
D-Sides Hongkongaton
33%
Humanz Interlude: Penthouse
33%
Humanz Interlude: The Non-Conformist Oath
33%
The Now Now Kansas
33%
G-Sides Left Hand Suzuki Method
33%
Humanz Let Me Out
33%
The Now Now Magic City
33%
Gorillaz Man Research (Clapper)
33%
Song Machine, Season One: Strange Timez Momentary Bliss
33%
Humanz Momentz
33%
D-Sides Murdoc Is God
33%
Gorillaz New Genius (Brother)
33%
Cracker Island Oil
33%
Song Machine, Season One: Strange Timez (Deluxe) Opium
33%
Humanz (Deluxe) Out of Body
33%
The Fall Phoner to Arizona
33%
Plastic Beach (Deluxe) Pirates Progress
33%
Cracker Island Possession Island
33%
The Fall Revolving Doors
33%
D-Sides Rockit
33%
Humanz Saturnz Barz
33%
Song Machine, Season One: Strange Timez (Deluxe) Severed Head
33%
Humanz Sex Murder Party
33%
Cracker Island Silent Running
33%
Song Machine, Season One: Strange Timez (Deluxe) Simplicity
33%
Cracker Island Skinny Ape
33%
SINGLE Sleeping Powder
33%
The Now Now Souk Eye
33%
Gorillaz Sound Check (Gravity)
33%
D-Sides Stop the Dams
33%
Song Machine, Season One: Strange Timez Strange Timez
33%
Humanz Strobelite
33%
Humanz Submission
33%
Plastic Beach Sweepstakes
33%
Cracker Island Tarantula
33%
Humanz (Deluxe) The Apprentice
33%
The Mountain The God of Lying
33%
The Mountain The Mountain
33%
Song Machine, Season One: Strange Timez The Pink Phantom
33%
The Mountain The Plastic Guru
33%
The Mountain The Shadowy Light
33%
G-Sides The Sounder
33%
Cracker Island The Tired Influencer
33%
Song Machine, Season One: Strange Timez The Valley of the Pagans
33%
Plastic Beach (Deluxe) Three Hearts, Seven Seas, Twelve Moons
33%
Humanz We Got the Power
33%
Song Machine, Season One: Strange Timez (Deluxe) With Love To An Ex
33%
SINGLE 911
17%
The Fall Aspen Forest
17%
The Fall Bobby in Phoenix
17%
The Fall California and the Slipping of the Sun
17%
Humanz (Deluxe) Halfway to the Halfway House
17%
D-Sides Highway (Under Construction)
17%
G-Sides Hip Albatross
17%
Song Machine, Season One: Strange Timez (Deluxe) How Far?
17%
FEATURES In My Dreams
17%
Humanz Interlude: Elevator Going Up
17%
Humanz Interlude: Talk Radio
17%
Humanz Interlude: The Elephant
17%
Humanz (Deluxe) Interlude: The New World
17%
Meanwhile EP Jimmy Jimmy
17%
The Fall Little Pink Plastic Bags
17%
Meanwhile EP Meanwhile
17%
Song Machine, Season One: Strange Timez (Deluxe) MLS
17%
Song Machine, Season One: Strange Timez Pac-Man
17%
The Fall Seattle Yodel
17%
The Fall Shy-town
17%
D-Sides Spitting out the Demons
17%
Gorillaz Starshine
17%
FEATURES Sumthin Like This Night
17%
The Fall The JoplinSpider
17%
Song Machine, Season One: Strange Timez The Lost Chord
17%
The Fall The Parish of Space Dust
17%
The Fall the Snake in Dallas
17%
The Fall The Speak It Mountains
17%
D-Sides The Swagga
17%
Humanz (Deluxe) Ticker Tape
17%
D-Sides We Are Happy Landfill
17%
FEATURES WHISKEY (RELEASE ME)
17%
SINGLE Samba at 13
0%
No matching quizzes found
Score Distribution
Percent of People with Each Score
Percentile by Number Answered
Your Score History
You have not taken this quiz since the last reset